| 000 | 02503nam a2200349 a 4500 | ||
|---|---|---|---|
| 001 | 000013799 | ||
| 003 | DO-SdBPM | ||
| 005 | 20250624092227.0 | ||
| 008 | 091130s2005 dr 001 e spa d | ||
| 020 | _a999344233X | ||
| 040 |
_aDO-SdBPM _bspa _cBPMSU _drda |
||
| 082 | 4 |
_aRD864.44 _bS194d 2005 _222 |
|
| 100 | 1 |
_aSánchez, Enriquillo, _d1947-2004 _eautor |
|
| 245 | 1 | 0 |
_aDevo[ra]ciones / _cEnriquillo Sánchez ; editor José M. Fernández Pequeño ; presentación Alejandro Arvelo. |
| 260 |
_b _c |
||
| 264 |
_aSanto Domingo : _bComisión Permanente de la Feria del Libro, _c2005 |
||
| 300 |
_a217 páginas. ; _c23 cm. |
||
| 336 |
_atexto _btxt _2rdacontent |
||
| 337 |
_asin mediación _bn _2rdamedia |
||
| 338 |
_avolumen _bnc _2rdacarrier |
||
| 490 | 0 |
_aEdiciones Ferilibro _v69 |
|
| 500 | _aIncluye datos biográficos del autor en la solapa de la cubierta. | ||
| 505 | 0 |
_gPresentación / _rAlejandro Arvelo -- _tLas devoraciones de un escritor / _rBasilio Beliard -- _tA los lectores de ayer, a los lectores de hoy -- _t¿Está en peligro el modelo político dominicano? -- _tContemporáneos del planeta -- _t¿Realismo mágico urbano? -- _tLos borrachos, los gallos, la noche -- _tPublicidad y "modelo" político -- _tPedro de América -- _tConsumidores, consumadores -- _tLos cotos cerrados -- _tNo llores por mí Argentina -- _tTrujillo: nostalgia, lenguaje, catarsis, confesión -- _tElogio y lectura de la batata y el concón quemao -- _tBorges, Neruda, García Márquez -- _tDe periodismo, malas pulgas y literatura -- _tCentelleantes escolios de autografía poética -- _tBalaguer y los vencidos, Balaguer y la eternidad -- _tEl objeto absoluto -- _tLa dominicanía -- _tRelámpagos dormidos -- _tTrece tésis sobre la incruenta y discreta muerte de los intelectuales -- _tLa sociedad de consumación -- _tDuarte y Trujillo -- _tFlaubert y la escritura -- _tPedro Henríquez Ureña: entre la persecución y la hagiografía -- _tLa yola en el corazón -- _tCondenados a ser dominicanos -- _tParís, ese juguete -- _tBoleros, bachatas y tígueres -- _tLa lluvia y la literatura -- _tLa ley de Hemingway -- _tEl zapping a pedir de boca -- _tLa ley de Gabo. |
|
| 590 | _aInventariado, 2025/VM | ||
| 650 | 7 | _aEnsayos dominicanos | |
| 650 | 7 | _aLiteratura dominicana. | |
| 700 | 1 |
_aFernández Pequeño, José M., _eeditor |
|
| 700 | 1 |
_aArvelo, Alejandro, _epresentación |
|
| 710 | 2 |
_aRepública Dominicana. _bDirección General de la Ferial del Libro |
|
| 910 | _aVMateo V. Control de calidad BPMSU | ||
| 942 |
_2ddc _cBK |
||
| 999 |
_c15203 _d15203 |
||